[Event "Maraba op 6th"]
[Site "Maraba"]
[Date "2023.05.27"]
[Round "4"]
[White "Pinto Filho, Joao Moreira"]
[Black "De Sousa, Jadson Alves"]
[Result "0-1"]
[WhiteElo "1908"]
[BlackElo "1800"]
[PlyCount "40"]
[EventDate "2023.05.26"]
[EventType "swiss"]
[EventRounds "6"]
[EventCountry "BRA"]
[SourceTitle "EXT 2024"]
[Source "ChessBase"]
[SourceDate "2023.10.10"]
[SourceVersion "1"]
[SourceVersionDate "2023.10.10"]
[SourceQuality "1"]

1. e4 c5 2. c3 Nf6 3. e5 Nd5 4. Bc4 Nb6 5. Bb3 e6 6. Nf3 d6 7. 0-0 dxe5 8. Nxe5 Bd6 9. d4 0-0 10. Qg4 f5 11. Qe2 Re8 12. Nd2 Nc6 13. Ndf3 cxd4 14. cxd4 Bxe5 15. dxe5 Nd4 16. Nxd4 Qxd4 17. Rd1 Qb4 18. Qd3 Bd7 19. Qxf5 Qxb3 20. Qg4 Qa4 0-1

[Event "Nova Maraba op 5th"]
[Site "Nova Maraba"]
[Date "2022.06.26"]
[Round "6"]
[White "De Sena, Antonio W Oliveira"]
[Black "Pinto Filho, Joao Moreira"]
[Result "1-0"]
[WhiteElo "1932"]
[BlackElo "1921"]
[PlyCount "129"]
[EventDate "2022.06.24"]
[EventType "swiss"]
[EventRounds "6"]
[EventCountry "BRA"]
[SourceTitle "EXT 2023"]
[Source "ChessBase"]
[SourceDate "2022.10.05"]
[SourceVersion "1"]
[SourceVersionDate "2022.10.05"]
[SourceQuality "1"]

1. e4 e5 2. Bc4 Nf6 3. d3 c6 4. Nf3 d5 5. Bb3 Bg4 6. Nbd2 Be7 7. h3 Bxf3 8. Qxf3 Na6 9. a3 Nc5 10. Ba2 0-0 11. 0-0 Ne6 12. exd5 Nd4 13. Qd1 cxd5 14. Re1 Qc7 15. c3 Nc6 16. Nf1 Rad8 17. Ng3 Qd7 18. Qf3 Rfe8 19. Nf5 e4 20. dxe4 dxe4 21. Qf4 Bf8 22. Nh6+ gxh6 23. Qxf6 Bg7 24. Qh4 Qf5 25. Bxh6 Bxh6 26. Qxh6 Ne5 27. Re3 Rd3 28. Rae1 Red8 29. Rxe4 Rd1 30. Kh2 R8d6 31. Qh4 Ng6 32. Qg4 Qxg4 33. hxg4 Rxe1 34. Rxe1 Rd2 35. Rb1 Rxf2 36. Bd5 b6 37. c4 Rd2 38. b4 Ne5 39. g5 Kg7 40. Re1 f6 41. gxf6+ Kxf6 42. Rf1+ Ke7 43. Rf5 Ng4+ 44. Kg3 Nf6 45. Re5+ Kd7 46. Bf3 Kd6 47. Kf4 Rd4+ 48. Kf5 Nd7 49. Rd5+ Rxd5+ 50. Bxd5 Ke7 51. g4 h6 52. Be6 Nf8 53. Bc8 Kd8 54. Bb7 Ke7 55. c5 bxc5 56. bxc5 a5 57. c6 Kd6 58. Kf6 Ne6 59. Kg6 Nd4 60. Kxh6 Ne6 61. g5 Ke7 62. g6 Kf8 63. Bc8 Nc7 64. a4 Kg8 65. g7 1-0

[Event "Nova Maraba op 5th"]
[Site "Nova Maraba"]
[Date "2022.06.25"]
[Round "3"]
[White "Pinto Filho, Joao Moreira"]
[Black "Pontes, Israel Fellip"]
[Result "1/2-1/2"]
[WhiteElo "1921"]
[BlackElo "1951"]
[PlyCount "68"]
[EventDate "2022.06.24"]
[EventType "swiss"]
[EventRounds "6"]
[EventCountry "BRA"]
[SourceTitle "EXT 2023"]
[Source "ChessBase"]
[SourceDate "2022.10.05"]
[SourceVersion "1"]
[SourceVersionDate "2022.10.05"]
[SourceQuality "1"]

1. d4 d5 2. Nf3 Nf6 3. e3 Bf5 4. Bd3 Bxd3 5. Qxd3 c6 6. Ne5 e6 7. Nd2 Bd6 8. f4 Nbd7 9. 0-0 Qc7 10. a4 Nf8 11. c3 Ng6 12. b4 0-0 13. Ba3 Qe7 14. Bb2 a5 15. b5 c5 16. Ba3 Rfc8 17. Qe2 cxd4 18. Bxd6 Qxd6 19. cxd4 Rc2 20. Rfc1 Rac8 21. Rxc2 Rxc2 22. Qd3 Qc7 23. h3 Rc3 24. b6 Qc8 25. Qb5 Rxe3 26. Qxa5 Nxf4 27. Rf1 N6h5 28. Qc5 Qd8 29. Qc7 Qe8 30. Qxb7 f6 31. Qd7 Qb8 32. b7 Rc3 33. Ndc4 Rxc4 34. Nxc4 Nxh3+ 1/2-1/2

[Event "Maranhense-ch"]
[Site "Sao Luis"]
[Date "2010.09.07"]
[Round "7"]
[White "Pinto Filho, Joao Moreira"]
[Black "Guara Neto, Argemiro Braga"]
[Result "0-1"]
[WhiteElo "1919"]
[BlackElo "2120"]
[PlyCount "62"]
[EventDate "2010.09.04"]
[EventType "tourn"]
[EventRounds "9"]
[EventCountry "BRA"]
[SourceTitle "EXT 2022"]
[Source "ChessBase"]
[SourceDate "2021.10.06"]
[SourceVersion "1"]
[SourceVersionDate "2021.10.06"]
[SourceQuality "1"]

1. e4 d6 2. d4 g6 3. Nc3 Bg7 4. Nf3 Nf6 5. Be2 0-0 6. 0-0 c5 7. dxc5 dxc5 8. h3 Qc7 9. Be3 Rd8 10. Qc1 a6 11. a4 b6 12. Bh6 Bb7 13. Bxg7 Kxg7 14. Qe3 Nc6 15. Rfd1 Nb4 16. Ne1 Rxd1 17. Rxd1 Rd8 18. f4 Rxd1 19. Bxd1 Qd7 20. Bf3 Ne8 21. b3 Nc7 22. Ne2 Nxc2 23. Qc3+ Nd4 24. Nc2 e5 25. fxe5 Nxf3+ 26. gxf3 Qd1+ 27. Kf2 Ne6 28. Ne3 Qh1 29. Kg3 h5 30. Nc4 Nd4 31. Nxd4 Qg1+ 0-1

[Event "Maranhense-ch"]
[Site "Sao Luis"]
[Date "2010.09.06"]
[Round "6"]
[White "Lopes Silva, Luiz Eduardo"]
[Black "Pinto Filho, Joao Moreira"]
[Result "1/2-1/2"]
[WhiteElo "1840"]
[BlackElo "1919"]
[PlyCount "98"]
[EventDate "2010.09.04"]
[EventType "tourn"]
[EventRounds "9"]
[EventCountry "BRA"]
[SourceTitle "EXT 2022"]
[Source "ChessBase"]
[SourceDate "2021.10.06"]
[SourceVersion "1"]
[SourceVersionDate "2021.10.06"]
[SourceQuality "1"]

1. e4 e5 2. Nf3 Nf6 3. Bc4 Nxe4 4. Nc3 Nd6 5. Bb3 Nc6 6. 0-0 Be7 7. Re1 0-0 8. Nxe5 Nxe5 9. Rxe5 Bf6 10. Re1 c6 11. d4 Nf5 12. Ne2 d5 13. c3 Nd6 14. Ng3 Re8 15. Bf4 Be6 16. Bc2 g6 17. Bh6 Bg5 18. Bxg5 Qxg5 19. Re5 Qh4 20. b3 Bd7 21. Qd2 f6 22. Ree1 Kg7 23. f3 Qh6 24. Qd3 Nf5 25. Nf1 Nh4 26. Ng3 Nf5 27. Nf1 Nh4 28. Qd2 Qxd2 29. Nxd2 Bf5 30. Bxf5 Nxf5 31. Kf2 Kf7 32. Nf1 h6 33. Rad1 Rxe1 34. Rxe1 Re8 35. Rxe8 Kxe8 36. Ne3 Nxe3 37. Kxe3 Ke7 38. Kf4 Ke6 39. h4 b6 40. g4 a6 41. a3 a5 42. a4 Kd6 43. Ke3 Ke6 44. Kf4 g5+ 45. hxg5 hxg5+ 46. Ke3 f5 47. Kd3 f4 48. Kc2 Kd6 49. Kd2 b5 1/2-1/2

[Event "Maranhense-ch"]
[Site "Sao Luis"]
[Date "2010.09.05"]
[Round "3"]
[White "Pinto Filho, Joao Moreira"]
[Black "Luz, Edmundo Reis"]
[Result "1/2-1/2"]
[WhiteElo "1919"]
[BlackElo "2208"]
[PlyCount "89"]
[EventDate "2010.09.04"]
[EventType "tourn"]
[EventRounds "9"]
[EventCountry "BRA"]
[SourceTitle "EXT 2022"]
[Source "ChessBase"]
[SourceDate "2021.10.06"]
[SourceVersion "1"]
[SourceVersionDate "2021.10.06"]
[SourceQuality "1"]

1. e4 d6 2. d4 Nf6 3. Nc3 g6 4. Nf3 Bg7 5. Be2 c6 6. 0-0 0-0 7. h3 b5 8. e5 Ne8 9. Be3 Nc7 10. Qd2 b4 11. Ne4 Nd5 12. Bh6 Ba6 13. Bxg7 Kxg7 14. Rfe1 Bxe2 15. Rxe2 Na6 16. Nh2 Nac7 17. Ng4 f5 18. Qh6+ Kf7 19. Ng5+ Ke8 20. Nxh7 Rg8 21. exd6 Qxd6 22. Ne5 Ne6 23. Nc4 Qf4 24. Qxf4 Ndxf4 25. Re5 Rg7 26. Rae1 Kd7 27. g3 Nxh3+ 28. Kg2 Nxd4 29. c3 bxc3 30. bxc3 Nb5 31. Kxh3 Rxh7+ 32. Kg2 Nxc3 33. Ra5 Nd5 34. Ne5+ Kd6 35. Nxg6 Rg8 36. Ne5 Ra8 37. Nc4+ Kd7 38. Rd1 Kc7 39. Rc1 f4 40. Ne5 Kd6 41. Nxc6 fxg3 42. fxg3 Rah8 43. Nd4 Rh2+ 44. Kf3 Rf8+ 45. Ke4 1/2-1/2

[Event "Maranhense-ch I Etapa"]
[Site "Imperatriz"]
[Date "2003.??.??"]
[Round "2"]
[White "Castro, Mariana"]
[Black "Pinto Filho, Joao Moreira"]
[Result "0-1"]
[WhiteElo "1758"]
[BlackElo "1818"]
[PlyCount "96"]
[EventDate "2003.02.03"]
[EventType "swiss"]
[EventRounds "7"]
[EventCountry "BRA"]
[SourceTitle "EXT 2006"]
[Source "ChessBase"]
[SourceDate "2005.11.24"]
[SourceVersion "1"]
[SourceVersionDate "2005.11.24"]
[SourceQuality "1"]

1. e4 e5 2. Nf3 Nf6 3. Bc4 Nc6 4. Ng5 d5 5. exd5 Nxd5 6. d3 h6 7. Nf3 Bg4 8. 0-0 Be7 9. h3 Bh5 10. Bd2 Nd4 11. g4 Bg6 12. Nxe5 Qd6 13. Nf3 Ne6 14. Nc3 Ndf4 15. Bxe6 Nxe6 16. Qe2 0-0-0 17. Qe3 Kb8 18. Nb5 Qb6 19. a4 Rhe8 20. Rfe1 Ng5 21. Ne5 Qxe3 22. Bxe3 a6 23. Nd4 Kc8 24. c3 Nxh3+ 25. Kg2 Ng5 26. Nxg6 fxg6 27. Bxg5 Bxg5 28. Nf3 Rxe1 29. Rxe1 Rxd3 30. Ne5 Rd6 31. Kg3 Re6 32. f4 Bf6 33. Kf2 Bxe5 34. fxe5 Kd7 35. Kf3 Rb6 36. b4 Rc6 37. Re3 Ke6 38. Kf4 Rc4+ 39. Kf3 b6 40. a5 bxa5 41. bxa5 Ra4 42. Re4 Rxe4 43. Kxe4 g5 44. c4 g6 45. Kd4 h5 46. Ke3 Kxe5 47. Kf2 Kd4 48. Kg3 Kxc4 0-1

[Event "Maranhense-ch I Etapa"]
[Site "Imperatriz"]
[Date "2003.??.??"]
[Round "3"]
[White "Pinto Filho, Joao Moreira"]
[Black "Medeiros, Francivaldo"]
[Result "1-0"]
[WhiteElo "1818"]
[BlackElo "1827"]
[PlyCount "147"]
[EventDate "2003.02.03"]
[EventType "swiss"]
[EventRounds "7"]
[EventCountry "BRA"]
[SourceTitle "EXT 2006"]
[Source "ChessBase"]
[SourceDate "2005.11.24"]
[SourceVersion "1"]
[SourceVersionDate "2005.11.24"]
[SourceQuality "1"]

1. e4 e6 2. d4 d5 3. Nd2 Bb4 4. c3 Ba5 5. Bd3 Ne7 6. Ne2 Nd7 7. Nf3 h6 8. Bf4 0-0 9. 0-0 c5 10. exd5 Nxd5 11. Bd6 Re8 12. dxc5 Bc7 13. Nfd4 Bxd6 14. cxd6 Ne5 15. c4 Nb4 16. Be4 Qxd6 17. a3 Na6 18. Qc2 f5 19. Bf3 Nxf3+ 20. Nxf3 Nc5 21. Rad1 Qc7 22. Nc3 Bd7 23. Rfe1 a6 24. b4 Ne4 25. Nxe4 fxe4 26. Qxe4 Bc6 27. Qe5 Qf7 28. Nd4 Ba4 29. Rd3 Rf8 30. Rf3 Qe7 31. Rxf8+ Rxf8 32. Qxe6+ Qxe6 33. Nxe6 Re8 34. Kf1 Bb3 35. Nd4 Bxc4+ 36. Ne2 Rd8 37. f3 Rd3 38. Kf2 Rxa3 39. Nf4 Rb3 40. Re7 Rxb4 41. Nh5 Bf7 42. Ng3 a5 43. Ne4 a4 44. Nd6 Kf8 45. Rxf7+ Kg8 46. Rxb7 Rxb7 47. Nxb7 Kf7 48. Ke3 Kf6 49. Nc5 a3 50. Nb3 Ke5 51. h3 g5 52. g3 Kd5 53. Kd3 Ke5 54. Kc3 h5 55. Kd3 h4 56. gxh4 gxh4 57. Ke3 Kd5 58. f4 Kc4 59. Nc1 Kc3 60. f5 Kc2 61. Na2 Kb2 62. f6 Kxa2 63. f7 Kb2 64. f8Q a2 65. Qg7+ Kb1 66. Kf4 a1Q 67. Qxa1+ Kxa1 68. Kg4 Kb2 69. Kxh4 Kc3 70. Kg5 Kd4 71. h4 Ke5 72. Kg6 Ke6 73. h5 Ke7 74. Kg7 1-0

[Event "Maranhense select 2 Etapa"]
[Site "Itapecuru Mirim"]
[Date "2003.??.??"]
[Round "2"]
[White "Pinto Filho, Joao Moreira"]
[Black "Santos, Roberto Carlos"]
[Result "0-1"]
[WhiteElo "1818"]
[BlackElo "1926"]
[PlyCount "76"]
[EventDate "2003.02.??"]
[EventType "swiss"]
[EventRounds "6"]
[EventCountry "BRA"]
[SourceTitle "EXT 2006"]
[Source "ChessBase"]
[SourceDate "2005.11.24"]
[SourceVersion "1"]
[SourceVersionDate "2005.11.24"]
[SourceQuality "1"]

1. e4 c5 2. Nf3 d6 3. Bb5+ Bd7 4. Bxd7+ Qxd7 5. d4 cxd4 6. Nxd4 Nf6 7. Nc3 e6 8. Be3 Be7 9. 0-0 0-0 10. f4 Nc6 11. Qf3 a6 12. a4 Qc7 13. Nce2 Rac8 14. c3 g6 15. g4 Nxd4 16. Bxd4 e5 17. Be3 Qc4 18. Ng3 d5 19. exd5 Nxd5 20. Ne4 Qd3 21. Rae1 Bh4 22. Re2 Rc4 23. Nc5 e4 24. Qg2 Nxe3 25. Nxd3 Nxg2 26. Ne5 Nxf4 27. Rxf4 Rxa4 28. Rfxe4 Rxe4 29. Rxe4 Re8 30. Re3 Bg5 31. Re1 Bd2 32. Re2 Bf4 33. Nxg6 Rxe2 34. Nxf4 Rxb2 35. Nd5 a5 36. h4 a4 37. h5 a3 38. h6 a2 0-1

[Event "BRA-ch Etapa 9th"]
[Site "Teresina"]
[Date "2002.09.??"]
[Round "3"]
[White "Pinto Filho, Joao Moreira"]
[Black "Sales, Caio"]
[Result "0-1"]
[WhiteElo "1784"]
[BlackElo "1976"]
[PlyCount "55"]
[EventDate "2002.10.03"]
[EventType "swiss"]
[EventRounds "6"]
[EventCountry "BRA"]
[SourceTitle "EXT 2006"]
[Source "ChessBase"]
[SourceDate "2005.11.24"]
[SourceVersion "1"]
[SourceVersionDate "2005.11.24"]
[SourceQuality "1"]

1. e4 c5 2. Nf3 e6 3. d4 cxd4 4. Nxd4 a6 5. Bc4 Qc7 6. Bb3 Nf6 7. Nc3 b5 8. f3 Nc6 9. Be3 Bd6 10. g3 Bb7 11. Nce2 h5 12. Nxc6 dxc6 13. Bf4 e5 14. Bg5 0-0-0 15. c3 a5 16. a4 b4 17. Qc2 Rd7 18. 0-0-0 Qb6 19. Bxf7 Rxf7 20. Rxd6 Nh7 21. Qd2 Nxg5 22. Qxg5 Ba6 23. Qd2 Rxf3 24. Re1 Qc5 25. Rd1 Bxe2 26. Qxe2 Rhf8 27. Qa6+ Kb8 28. Rd8+ 0-1

[Event "Brazil Imperatriz op"]
[Site "Brazil"]
[Date "2002.07.28"]
[Round "6"]
[White "Pinto Filho, Joao Moreira"]
[Black "Amorim Silva, Paulo"]
[Result "1-0"]
[WhiteElo "1784"]
[BlackElo "1854"]
[PlyCount "117"]
[EventDate "2002.07.??"]
[EventType "swiss"]
[EventRounds "7"]
[EventCountry "BRA"]
[SourceTitle "EXT 2006"]
[Source "ChessBase"]
[SourceDate "2005.11.24"]
[SourceVersion "1"]
[SourceVersionDate "2005.11.24"]
[SourceQuality "1"]

1. e4 e5 2. Nf3 Nc6 3. Bb5 d6 4. d4 exd4 5. Nxd4 Bd7 6. Nc3 Be7 7. 0-0 Nf6 8. Re1 0-0 9. Nxc6 bxc6 10. Bd3 Be6 11. b3 Nd7 12. Bb2 Nc5 13. Be2 Bf6 14. Bg4 Bxg4 15. Qxg4 Re8 16. Rab1 Qd7 17. Qg3 Kh8 18. b4 Ne6 19. Qg4 Nf8 20. Qg3 Ng6 21. Nd1 Bxb2 22. Nxb2 Re7 23. Rbd1 Rae8 24. f3 Qe6 25. c4 d5 26. cxd5 cxd5 27. Qf2 a6 28. Nd3 dxe4 29. Rxe4 Qd6 30. Rd4 Qb6 31. Rd2 h6 32. g3 Re3 33. Nc5 Re1+ 34. Kg2 Qb5 35. Ne4 Rc1 36. Rc2 Rxc2 37. Qxc2 f5 38. Nc3 Qc6 39. Qd3 Ne5 40. Qe3 Ng4 41. Qd2 Re3 42. Nd5 Qe6 43. Nxe3 Nxe3+ 44. Kf2 f4 45. Rxf4 Nf5 46. g4 Qb6+ 47. Ke2 Nd6 48. Rf8+ Kh7 49. Qd3+ g6 50. Qd5 h5 51. g5 Qb5+ 52. Qxb5 Nxb5 53. a4 Nc3+ 54. Kd3 Nxa4 55. Rf7+ Kg8 56. Rxc7 Nb6 57. Ra7 Nd5 58. Kc4 Nb6+ 59. Kd4 1-0

[Event "Brazil Imperatriz op"]
[Site "Brazil"]
[Date "2002.07.28"]
[Round "7"]
[White "Santana, Alexandre"]
[Black "Pinto Filho, Joao Moreira"]
[Result "1-0"]
[WhiteElo "1849"]
[BlackElo "1784"]
[PlyCount "53"]
[EventDate "2002.07.??"]
[EventType "swiss"]
[EventRounds "7"]
[EventCountry "BRA"]
[SourceTitle "EXT 2006"]
[Source "ChessBase"]
[SourceDate "2005.11.24"]
[SourceVersion "1"]
[SourceVersionDate "2005.11.24"]
[SourceQuality "1"]

1. e4 d5 2. exd5 Nf6 3. d4 Nxd5 4. c4 Nb6 5. Nc3 e5 6. dxe5 Qxd1+ 7. Kxd1 c6 8. Bd3 Bc5 9. Ne4 Be7 10. Nf3 Bg4 11. Kc2 Bxf3 12. gxf3 Na6 13. Bd2 0-0-0 14. Nd6+ Bxd6 15. Bf5+ Kc7 16. exd6+ Kb8 17. b3 Nc8 18. Bf4 Ka8 19. Rad1 Rhe8 20. Bxc8 Rxc8 21. d7 Re2+ 22. Kd3 Rce8 23. dxe8Q+ Rxe8 24. Bd6 c5 25. a3 Rd8 26. Kc3 b6 27. Rhe1 1-0